000 00818cam a22002534a 4500
001 14252120
005 20180301033946.0
008 060202s2007 enka 001 0 eng
010 _a 2006003813
020 _a0195310624 (alk. paper)
020 _a9780195310627 (alk. paper)
040 _aDLC
_cDLC
_dDLC
041 _aeng
042 _apcc
043 _aa-io---
080 _a332.67309598 WEL
082 0 0 _a332.67309598 WEL
_222
100 1 _a20
101 _aPOL
245 1 0 _aMaking foreign investment safe :
_cLouis T. Wells, Rafiq Ahmed.
906 _a7
_bcbc
_corignew
_d1
_eecip
_f20
_gy-gencatlg
942 _2ddc
_cBK
999 _c43754
_d43754